| 000 | 00949nam a22003017a 4500 | ||
|---|---|---|---|
| 001 | BR2013008841 | ||
| 003 | BR-BrBNA | ||
| 005 | 20230928104312.0 | ||
| 007 | ta | ||
| 008 | 230509b bl.||||| |||| 00| 0 por d | ||
| 040 |
_aBR-BrBNA _bpor _cBiblioteca Nacional de Agricultura |
||
| 041 | _a(Por) | ||
| 072 | _aU40 | ||
| 090 | _ U40 BR2013008841 | ||
| 100 | 1 | _aCâmara, G. | |
| 100 | 1 | _aMedeiros, J.S. de | |
| 110 | 1 | _aInstituto Nacional de Pesquisas Espaciais, São José dos Campos, SP (Brasil) | |
| 111 | 1 |
_a8. Simpósio Brasileiro de Sensoriamento Remoto _cSalvador, BA (Brazil) _d14-19 Apr 1996 |
|
| 245 | 1 | _aGeoprocessamento para projetos ambientais | |
| 260 | 3 |
_aSão José dos Campos, SP (Brasil): _c1996. |
|
| 300 | _aVp. | ||
| 500 | _aBibliography p. 1-7; 44 illus.; 22 tables | ||
| 650 | _aMEIO AMBIENTE | ||
| 650 | _aSENSORIAMENTO REMOTO | ||
| 650 | _aTECNOLOGIA | ||
| 909 |
_a202309 _bLucia _c55 _dLucia Elande |
||
| 942 | _cBK | ||
| 999 |
_c79187 _d79187 |
||